[Event "EIBCC 2019"]
[Site "Tallinn"]
[Date "2019.12.07"]
[Round "6.17"]
[White "Lavendelis, Egons"]
[Black "Galopoulos, Nikolaos"]
[Result "0-1"]
[WhiteElo "2264"]
[BlackElo "2429"]
[Annotator "NA"]
[PlyCount "68"]
[EventDate "2019.12.06"]
[EventType "swiss"]
[EventCountry "EST"]
[SourceTitle "playchess.com"]
[Source "ChessBase"]
[SourceQuality "1"]

1. e4 e5 2. Nf3 Nc6 3. d4 exd4 4. Bc4 Bc5 5. c3 Nf6 6. e5 d5 7. Bb5 Ne4 8. cxd4 Bb6 9. O-O O-O 10. Bxc6 bxc6 11. Be3 f5 12. exf6 Qxf6 13. Nfd2 Nd6 14. Nb3 Nf5 15. Nc3 Nh4 16. Ne2 Nxg2 17. Kxg2 Qf3+ 18. Kg1 Bh3 19. Nf4 Rxf4 20. Qxf3 Rxf3 21. Rfc1 Rf6 22. Nd2 Rg6+ 23. Kh1 Bg2+ 24. Kg1 Re8 25. Nf1 h5 26. Ng3 Bf3 27. Kf1 h4 28. Nf5 Re4 29. a4 a5 30. b4 axb4 31. a5 Ba7 32. Rab1 c5 33. dxc5 Rgg4 34. Ne7+ Rxe7 0-1

[Event "EIBCC 2019"]
[Site "Tallinn"]
[Date "2019.12.07"]
[Round "6.18"]
[White "Promyshlyanskiy, Vitaliy"]
[Black "Nguyen, Thai Dai Van"]
[Result "0-1"]
[WhiteElo "2260"]
[BlackElo "2419"]
[Annotator "NA"]
[PlyCount "80"]
[EventDate "2019.12.06"]
[EventType "swiss"]
[EventCountry "EST"]
[SourceTitle "playchess.com"]
[Source "ChessBase"]
[SourceQuality "1"]

1. e4 c5 2. Nc3 Nc6 3. Bb5 Nd4 4. Bc4 a6 5. d3 e6 6. Nge2 b5 7. Bb3 Nc6 8. O-O Nf6 9. Ng3 d5 10. a4 b4 11. Nce2 Be7 12. Qe1 O-O 13. Bd2 Bb7 14. Kh1 c4 15. dxc4 dxe4 16. Bg5 Ne5 17. Rd1 Qc7 18. Bxf6 gxf6 19. Nd4 f5 20. Qd2 Bf6 21. Nh5 Bh8 22. Qg5+ Ng6 23. Qh6 Rad8 24. c3 bxc3 25. bxc3 Qe5 26. c5 Bd5 27. Bxd5 Rxd5 28. c6 Rc5 29. Rc1 f4 30. g4 Qg5 31. Qxg5 Rxg5 32. Rg1 Rc5 33. f3 e3 34. g5 Rc8 35. Nf6+ Bxf6 36. gxf6 Kf8 37. Rg4 e5 38. Nf5 R5xc6 39. h4 Rxf6 40. Nh6 Ne7 0-1

[Event "EIBCC 2019"]
[Site "Tallinn"]
[Date "2019.12.07"]
[Round "6.19"]
[White "Aleksandrov, Aleksej"]
[Black "Rocha, Sergio"]
[Result "1-0"]
[WhiteElo "2416"]
[BlackElo "2249"]
[Annotator "NA"]
[PlyCount "69"]
[EventDate "2019.12.06"]
[EventType "swiss"]
[EventCountry "EST"]
[SourceTitle "playchess.com"]
[Source "ChessBase"]
[SourceQuality "1"]

1. d4 d6 2. e4 Nf6 3. Nc3 c6 4. a4 g6 5. h3 Bg7 6. Be3 Qa5 7. Qd2 Nbd7 8. Rb1 e5 9. Nf3 O-O 10. Bd3 Re8 11. O-O a6 12. b4 Qc7 13. dxe5 dxe5 14. a5 Nf8 15. Rfd1 Be6 16. Na4 N6d7 17. c4 Rad8 18. Qc2 Qb8 19. b5 axb5 20. cxb5 cxb5 21. Bxb5 Qa8 22. Ng5 Qxa5 23. Nxe6 Rxe6 24. Qb3 Nf6 25. Bc4 Re7 26. Bb6 Rxd1+ 27. Rxd1 Qa8 28. Rd8 Qxd8 29. Bxd8 Rd7 30. Bxf6 Bxf6 31. g3 Kg7 32. Nc5 Rc7 33. Nxb7 Bg5 34. Nd6 Ra7 35. Nxf7 1-0

[Event "EIBCC 2019"]
[Site "Tallinn"]
[Date "2019.12.07"]
[Round "6.20"]
[White "Volodin, Aleksandr"]
[Black "Troyke, Christian"]
[Result "1/2-1/2"]
[WhiteElo "2401"]
[BlackElo "2247"]
[Annotator "NA"]
[PlyCount "110"]
[EventDate "2019.12.06"]
[EventType "swiss"]
[EventCountry "EST"]
[SourceTitle "playchess.com"]
[Source "ChessBase"]
[SourceQuality "1"]

1. d4 g6 2. e4 Bg7 3. c3 d5 4. e5 c5 5. Nf3 cxd4 6. cxd4 Bg4 7. Qb3 Bxf3 8. Qxf3 Nc6 9. Bb5 Rc8 10. Nc3 e6 11. Be3 Nge7 12. O-O O-O 13. Rad1 Nf5 14. Qe2 f6 15. exf6 Qxf6 16. Bxc6 Rxc6 17. Rfe1 Rc4 18. Nb5 a6 19. b3 Rc6 20. Na3 Rfc8 21. Rd2 b5 22. g3 Rc3 23. Nc2 Nd6 24. Nb4 Ne4 25. Rb2 a5 26. Nd3 Qf5 27. Nf4 Ng5 28. h4 Ne4 29. Qxb5 Rxe3 30. fxe3 Qg4 31. Rg2 Nxg3 32. Qd7 Rc3 33. Qe8+ Bf8 34. Qxe6+ Qxe6 35. Nxe6 Bd6 36. Nf4 Bxf4 37. exf4 Ne4 38. f5 Kf7 39. Rf1 Kg7 40. h5 g5 41. f6+ Kf7 42. h6 Rd3 43. Rc2 Rg3+ 44. Kh2 Rg4 45. Rc7+ Kg6 46. f7 Rh4+ 47. Kg2 Rg4+ 48. Kf3 Rf4+ 49. Kg2 Rg4+ 50. Kh2 Rh4+ 51. Kg2 Rg4+ 52. Kh3 Rh4+ 53. Kg2 Rg4+ 54. Kh2 Rh4+ 55. Kg2 Rg4+ 1/2-1/2

[Event "EIBCC 2019"]
[Site "Tallinn"]
[Date "2019.12.07"]
[Round "6.21"]
[White "Vasiliev, Georgiy"]
[Black "Shubin, Kirill"]
[Result "1-0"]
[WhiteElo "2126"]
[BlackElo "2401"]
[Annotator "NA"]
[PlyCount "81"]
[EventDate "2019.12.06"]
[EventType "swiss"]
[EventCountry "EST"]
[SourceTitle "playchess.com"]
[Source "ChessBase"]
[SourceQuality "1"]

1. c4 e5 2. Nc3 Nc6 3. Nf3 Nf6 4. e3 Bb4 5. Qc2 O-O 6. Nd5 Re8 7. Qf5 d6 8. Nxf6+ Qxf6 9. Qxf6 gxf6 10. a3 Bc5 11. b4 Bb6 12. Bb2 a5 13. b5 Ne7 14. O-O-O a4 15. d4 Bg4 16. Be2 Rac8 17. h3 Bh5 18. g4 Bg6 19. Nh4 Be4 20. f3 Bg6 21. Nxg6 Nxg6 22. Bd3 c6 23. Bf5 Rc7 24. bxc6 bxc6 25. Rhe1 Nh4 26. dxe5 dxe5 27. Be4 Ng2 28. Re2 Nxe3 29. Rd6 Nxc4 30. Rxf6 Nxb2 31. Kxb2 Bd4+ 32. Kc1 c5 33. Bc6 Rec8 34. Bxa4 e4 35. Rf5 e3 36. Bb3 c4 37. Bc2 Rd8 38. Rg5+ Kf8 39. Bxh7 Bc3 40. Rg8+ Ke7 41. Rxe3+ 1-0

[Event "EIBCC 2019"]
[Site "Tallinn"]
[Date "2019.12.07"]
[Round "6.22"]
[White "Stabulnieks, Klavs"]
[Black "Studer, Noel"]
[Result "1-0"]
[WhiteElo "2069"]
[BlackElo "2394"]
[Annotator "NA"]
[PlyCount "53"]
[EventDate "2019.12.06"]
[EventType "swiss"]
[EventCountry "EST"]
[SourceTitle "playchess.com"]
[Source "ChessBase"]
[SourceQuality "1"]

1. d4 d5 2. c4 dxc4 3. Nf3 Nf6 4. Qa4+ Nbd7 5. g3 a6 6. Qxc4 b5 7. Qc2 Bb7 8. Bg2 Rc8 9. O-O c5 10. dxc5 Nxc5 11. Rd1 Ncd7 12. Qd3 Be4 13. Qe3 e6 14. Nc3 Ba8 15. Ne5 Bxg2 16. Kxg2 Qc7 17. Nxd7 Nxd7 18. Qf3 Be7 19. Bf4 Qa7 20. a4 b4 21. Ne4 e5 22. Be3 Qb8 23. Rxd7 Kxd7 24. Qxf7 Rhe8 25. Nc5+ Kc6 26. Qf3+ Kd6 27. Rd1+ 1-0

[Event "EIBCC 2019"]
[Site "Tallinn"]
[Date "2019.12.07"]
[Round "6.23"]
[White "Kirchei, Viktoriia"]
[Black "Sargissian, Gabriel"]
[Result "0-1"]
[WhiteElo "2040"]
[BlackElo "2676"]
[Annotator "ChessBase"]
[PlyCount "72"]
[EventDate "2019.12.06"]
[EventType "swiss"]
[EventCountry "EST"]
[SourceTitle "playchess.com"]
[Source "ChessBase"]
[SourceQuality "1"]

1. d3 d5 2. Nd2 Nc6 3. g3 e5 4. Bg2 Nf6 5. e3 Be7 6. Ne2 O-O 7. O-O Be6 8. h3 Qd7 9. Kh2 a5 10. f4 Rfe8 11. e4 dxe4 12. dxe4 Rad8 13. Qe1 Qc8 14. f5 Bd7 15. g4 Nb4 16. Qd1 Bb5 17. Re1 Nd7 18. a3 Nc6 19. Nc3 Ba6 20. Nf3 Nd4 21. g5 Nc5 22. Nxd4 exd4 23. Nd5 Bd6+ 24. Kh1 c6 25. Nf4 d3 26. c3 d2 27. Qxd2 Nb3 28. Qf2 Nxa1 29. Be3 Nb3 30. f6 g6 31. Qh4 Bf8 32. Bf3 Nd2 33. Bg4 Qc7 34. Bxd2 Rxd2 35. Ng2 Qe5 36. Bf3 Bd6 0-1

[Event "EIBCC 2019"]
[Site "Tallinn"]
[Date "2019.12.07"]
[Round "6.24"]
[White "Jarvenpaa, Jari"]
[Black "Motylev, Alexander"]
[Result "0-1"]
[WhiteElo "2293"]
[BlackElo "2629"]
[Annotator "ChessBase"]
[PlyCount "46"]
[EventDate "2019.12.06"]
[EventType "swiss"]
[EventCountry "EST"]
[SourceTitle "playchess.com"]
[Source "ChessBase"]
[SourceQuality "1"]

1. Nf3 d5 2. b3 Bg4 3. e3 Nd7 4. Bb2 e5 5. h3 Bxf3 6. Qxf3 Ngf6 7. c4 c6 8. cxd5 Nxd5 9. Bc4 N7b6 10. O-O Bd6 11. Qg3 Qe7 12. Qxg7 O-O-O 13. Be2 h5 14. Bxh5 Nf6 15. Bg4+ Kb8 16. Qg5 Rdg8 17. Qf5 Nxg4 18. hxg4 Qh4 19. f3 Qg3 20. Rf2 Rh1+ 21. Kxh1 Qxf2 22. Bxe5 Qe1+ 23. Kh2 Rh8+ 0-1

[Event "EIBCC 2019"]
[Site "Tallinn"]
[Date "2019.12.07"]
[Round "6.25"]
[White "Ziska, Helgi Dam"]
[Black "Picard, Romain"]
[Result "1-0"]
[WhiteElo "2614"]
[BlackElo "2279"]
[Annotator "ChessBase"]
[PlyCount "71"]
[EventDate "2019.12.06"]
[EventType "swiss"]
[EventCountry "EST"]
[SourceTitle "playchess.com"]
[Source "ChessBase"]
[SourceQuality "1"]

1. e4 e5 2. Nf3 d6 3. d4 exd4 4. Nxd4 Nf6 5. Nc3 Be7 6. g3 a5 7. Bg2 a4 8. O-O O-O 9. Re1 Re8 10. h3 Bf8 11. Bf4 c6 12. g4 Nfd7 13. Nf5 Ne5 14. Ne3 b5 15. a3 Nbd7 16. Bg3 Nb6 17. b3 axb3 18. cxb3 Qc7 19. Qc2 Bb7 20. Nxb5 Qb8 21. Nc3 Ba6 22. Red1 Qa7 23. Na2 Rac8 24. Nf5 d5 25. Nb4 dxe4 26. Nxa6 Qxa6 27. Bxe4 Nd5 28. Nd4 Nf6 29. Bg2 c5 30. Nf5 c4 31. b4 Nd3 32. Bf1 Rcd8 33. Ne3 Ne4 34. Qxc4 Qxc4 35. Nxc4 Nxg3 36. fxg3 1-0

[Event "EIBCC 2019"]
[Site "Tallinn"]
[Date "2019.12.07"]
[Round "6.26"]
[White "Esipenko, Andrey"]
[Black "Vlassow, Valentin"]
[Result "1-0"]
[WhiteElo "2582"]
[BlackElo "2265"]
[Annotator "ChessBase"]
[PlyCount "75"]
[EventDate "2019.12.06"]
[EventType "swiss"]
[EventCountry "EST"]
[SourceTitle "playchess.com"]
[Source "ChessBase"]
[SourceQuality "1"]

1. d4 d5 2. Nf3 Bf5 3. Bf4 e6 4. e3 Nf6 5. Bd3 c6 6. c4 Bxd3 7. Qxd3 Qb6 8. Qc2 Bb4+ 9. Nbd2 Bxd2+ 10. Nxd2 O-O 11. O-O Nbd7 12. b4 dxc4 13. Nxc4 Qa6 14. a4 Nd5 15. Bd6 Rfd8 16. Rfb1 b6 17. e4 N5f6 18. f3 Qb7 19. Rd1 Rac8 20. Rac1 Nf8 21. e5 Nd5 22. Bxf8 Kxf8 23. Qxh7 f5 24. Nd6 Rxd6 25. exd6 Qd7 26. b5 c5 27. dxc5 bxc5 28. Qh4 Kg8 29. Qf2 Qxd6 30. Rc4 f4 31. Qd2 Qe5 32. Re4 Qf5 33. Rc1 Kh8 34. Qf2 Ne3 35. Qh4+ Kg8 36. Qxf4 Nd5 37. Qxf5 exf5 38. Re5 1-0

[Event "EIBCC 2019"]
[Site "Tallinn"]
[Date "2019.12.07"]
[Round "6.27"]
[White "Kulaots, Kaido"]
[Black "Meyer, Falko"]
[Result "0-1"]
[WhiteElo "2562"]
[BlackElo "2248"]
[Annotator "ChessBase"]
[PlyCount "62"]
[EventDate "2019.12.06"]
[EventType "swiss"]
[EventCountry "EST"]
[SourceTitle "playchess.com"]
[Source "ChessBase"]
[SourceQuality "1"]

1. e4 c6 2. Nc3 d5 3. Nf3 Bg4 4. h3 Bxf3 5. Qxf3 e6 6. d4 dxe4 7. Qxe4 Nf6 8. Qd3 Nbd7 9. g3 Qc7 10. Bg2 O-O-O 11. O-O h5 12. Bg5 Qa5 13. h4 Ne5 14. Qd1 Nc4 15. Qe2 Rxd4 16. Rab1 Bb4 17. a3 Bxc3 18. bxc3 Qxc3 19. Rb3 Qa5 20. c3 Rg4 21. Bf3 Ne5 22. Bxg4 Nfxg4 23. Rfb1 b6 24. c4 f6 25. Bf4 Rd8 26. c5 b5 27. Qe4 Rd5 28. Qh7 Qd8 29. Bxe5 Rd1+ 30. Kg2 Qd5+ 31. f3 Qd2+ 0-1

[Event "EIBCC 2019"]
[Site "Tallinn"]
[Date "2019.12.07"]
[Round "6.28"]
[White "Bru Rullo, Llatzer"]
[Black "Pohjala, Henri"]
[Result "1/2-1/2"]
[WhiteElo "2242"]
[BlackElo "2447"]
[Annotator "NA"]
[PlyCount "55"]
[EventDate "2019.12.06"]
[EventType "swiss"]
[EventCountry "EST"]
[SourceTitle "playchess.com"]
[Source "ChessBase"]
[SourceQuality "1"]

1. d4 d5 2. c4 c6 3. Nf3 Nf6 4. e3 a6 5. Bd3 e6 6. b3 Nbd7 7. O-O b6 8. Nbd2 Bb7 9. Bb2 Be7 10. Ne5 Nxe5 11. dxe5 Nd7 12. Qc2 g6 13. e4 O-O 14. Rad1 b5 15. cxd5 cxd5 16. exd5 Bxd5 17. Ne4 Rc8 18. Qe2 Bxe4 19. Bxe4 Qc7 20. h4 Nc5 21. h5 Nxe4 22. hxg6 hxg6 23. Qxe4 Qc2 24. Qb7 Rc7 25. Qb6 Rc6 26. Qb7 Rc7 27. Qb6 Rc6 28. Qb7 1/2-1/2

[Event "EIBCC 2019"]
[Site "Tallinn"]
[Date "2019.12.07"]
[Round "6.29"]
[White "Lazavik, Denis"]
[Black "Krupenski, Juri"]
[Result "1-0"]
[WhiteElo "2222"]
[BlackElo "2413"]
[Annotator "NA"]
[PlyCount "87"]
[EventDate "2019.12.06"]
[EventType "swiss"]
[EventCountry "EST"]
[SourceTitle "playchess.com"]
[Source "ChessBase"]
[SourceQuality "1"]

1. d4 Nf6 2. c4 e6 3. Nf3 d5 4. Nc3 Bb4 5. Bg5 h6 6. Bxf6 Qxf6 7. e3 O-O 8. Rc1 Nc6 9. a3 Bxc3+ 10. bxc3 Na5 11. Qa4 b6 12. cxd5 exd5 13. Be2 Qd6 14. O-O Bd7 15. Qb4 c5 16. Qb2 Bf5 17. Nd2 Rac8 18. Nb3 Nc4 19. Bxc4 dxc4 20. Nd2 Bd3 21. Rfe1 cxd4 22. exd4 Rfe8 23. Nf1 f5 24. Nd2 Qd5 25. a4 Kh7 26. Qb5 Qxb5 27. axb5 Kg6 28. Nf3 Be4 29. Ne5+ Kf6 30. Ra1 Rc7 31. f3 Bd5 32. Kf2 Ree7 33. h4 f4 34. h5 Kg5 35. Rh1 Be6 36. Rag1 Kf6 37. Rh4 Kf5 38. g3 fxg3+ 39. Rxg3 Bd7 40. Ke3 Bxb5 41. Rg6 Rxe5+ 42. dxe5 Kxe5 43. Re4+ Kd5 44. Rge6 1-0

[Event "EIBCC 2019"]
[Site "Tallinn"]
[Date "2019.12.07"]
[Round "6.30"]
[White "Loginov, Valery A"]
[Black "Decosse, Jean-Fabien"]
[Result "1-0"]
[WhiteElo "2376"]
[BlackElo "2185"]
[Annotator "NA"]
[PlyCount "65"]
[EventDate "2019.12.06"]
[EventType "swiss"]
[EventCountry "EST"]
[SourceTitle "playchess.com"]
[Source "ChessBase"]
[SourceQuality "1"]

1. e4 d6 2. d4 Nf6 3. Nc3 e5 4. Nf3 Nbd7 5. Bc4 Be7 6. O-O O-O 7. a4 a5 8. Re1 c6 9. h3 exd4 10. Nxd4 Nc5 11. Ba2 Be6 12. Bf4 Bxa2 13. Rxa2 Ne6 14. Bg3 Re8 15. Nf5 d5 16. e5 Nd7 17. Qg4 Kh8 18. Ne2 Ndc5 19. Ned4 g6 20. Nh6 Rf8 21. Nxf7+ Rxf7 22. Nxe6 Qd7 23. Nxc5 Qxg4 24. hxg4 Bxc5 25. Kf1 g5 26. c3 Re8 27. b3 d4 28. cxd4 Bxd4 29. Re4 c5 30. e6 Rfe7 31. Rae2 Kg8 32. Bd6 Rg7 33. Be5 1-0

[Event "EIBCC 2019"]
[Site "Tallinn"]
[Date "2019.12.07"]
[Round "6.31"]
[White "Kanep, Siim"]
[Black "Maier, Christian"]
[Result "1/2-1/2"]
[WhiteElo "2166"]
[BlackElo "2366"]
[Annotator "ChessBase"]
[PlyCount "100"]
[EventDate "2019.12.06"]
[EventType "swiss"]
[EventCountry "EST"]
[SourceTitle "playchess.com"]
[Source "ChessBase"]
[SourceQuality "1"]

1. d4 Nf6 2. Bg5 e6 3. e4 d5 4. e5 h6 5. Bc1 Nfd7 6. Nf3 c5 7. c3 Nc6 8. Be2 cxd4 9. cxd4 Be7 10. Nc3 Nb6 11. O-O Bd7 12. a3 a6 13. Bf4 Na5 14. Rc1 Rc8 15. Nd2 Nac4 16. Nxc4 Nxc4 17. Bxc4 Rxc4 18. Qg4 g6 19. Be3 Kf8 20. Ne2 Bc6 21. Nf4 h5 22. Qe2 Rxc1 23. Rxc1 Kg7 24. Qf3 Qb6 25. Qe2 Bd7 26. Qd2 Rc8 27. Nd3 Rxc1+ 28. Nxc1 Qc7 29. h3 Bb5 30. Bg5 Bxg5 31. Qxg5 Qc4 32. Qf6+ Kg8 33. Qf4 Qc2 34. b4 Qc3 35. Qe3 Qc2 36. Kh2 Bc4 37. Qf4 Qf5 38. Qxf5 exf5 39. Kg3 Kg7 40. Kf4 Kh6 41. h4 b6 42. Ke3 a5 43. bxa5 bxa5 44. Nd3 Bxd3 45. Kxd3 f4 46. Ke2 g5 47. Kf3 Kg6 48. hxg5 Kxg5 49. g3 fxg3 50. fxg3 Kg6 1/2-1/2

[Event "EIBCC 2019"]
[Site "Tallinn"]
[Date "2019.12.07"]
[Round "6.32"]
[White "Ristoja, Samu"]
[Black "Duzhakov, Ilya"]
[Result "1-0"]
[WhiteElo "2165"]
[BlackElo "2346"]
[Annotator "NA"]
[PlyCount "119"]
[EventDate "2019.12.06"]
[EventType "swiss"]
[EventCountry "EST"]
[SourceTitle "playchess.com"]
[Source "ChessBase"]
[SourceQuality "1"]

1. e4 e6 2. d4 d5 3. e5 c5 4. c3 Qb6 5. Nf3 Nc6 6. a3 Nh6 7. b4 cxd4 8. cxd4 Nf5 9. Be3 f6 10. exf6 gxf6 11. Bd3 Nxe3 12. fxe3 Bh6 13. b5 Ne7 14. Ne5 fxe5 15. Qh5+ Kd8 16. Qxh6 exd4 17. Qf6 Rg8 18. exd4 Rxg2 19. Nd2 Qa5 20. Qf4 Bd7 21. Rc1 Qxa3 22. Kf1 Rg8 23. Ke2 Rg2+ 24. Kf1 Qxc1+ 25. Kxg2 Qc3 26. Bxh7 Bxb5 27. Rb1 a6 28. Qf8+ Be8 29. Nf3 b5 30. Qf4 Qc7 31. Ne5 Rc8 32. h4 a5 33. Bd3 a4 34. Nf7+ Bxf7 35. Qxf7 Qd6 36. Bxb5 Rc2+ 37. Kf3 Qa3+ 38. Kg4 Rg2+ 39. Kh5 Qd6 40. Qf8+ Kc7 41. Rc1+ Kb6 42. Qe8 Nf5 43. Rc6+ Ka5 44. Rxd6 Ng7+ 45. Kh6 Nxe8 46. Bxe8 a3 47. Rd8 a2 48. Ra8+ Kb4 49. h5 Kc3 50. Bf7 Kxd4 51. Bxe6 Ke5 52. Bf7 Rf2 53. Bg6 d4 54. Kg7 Kf4 55. h6 Ke3 56. h7 Rh2 57. h8=Q Rxh8 58. Kxh8 d3 59. Rxa2 d2 60. Bh5 1-0

[Event "EIBCC 2019"]
[Site "Tallinn"]
[Date "2019.12.07"]
[Round "6.33"]
[White "Mickevicius, Juras"]
[Black "Ladopoulos, Dimitrios"]
[Result "0-1"]
[WhiteElo "2295"]
[BlackElo "2151"]
[Annotator "ChessBase"]
[PlyCount "125"]
[EventDate "2019.12.06"]
[EventType "swiss"]
[EventCountry "EST"]
[SourceTitle "playchess.com"]
[Source "ChessBase"]
[SourceQuality "1"]

1. d4 e6 2. Nf3 f5 3. g3 b6 4. Bg2 Bb7 5. O-O Nf6 6. b3 Be7 7. Bb2 O-O 8. c4 Ne4 9. Nbd2 Nxd2 10. Qxd2 Bf6 11. e3 d6 12. Rfd1 Nd7 13. Qc2 Qe7 14. Ne1 Bxg2 15. Nxg2 Rae8 16. b4 g6 17. a4 e5 18. dxe5 dxe5 19. c5 Rf7 20. c6 Nf8 21. b5 Rd8 22. Ba3 Qe6 23. Rxd8 Bxd8 24. Rd1 Be7 25. Bb2 Bd6 26. e4 Re7 27. Ne3 f4 28. Nc4 Bc5 29. Bxe5 f3 30. Qd3 Rf7 31. Bd4 Bxd4 32. Qxd4 Qh3 33. Ne3 Ne6 34. Qc4 Nc5 35. Rd8+ Kg7 36. Qd4+ Kh6 37. Qd2 Kg7 38. Qb2+ Kh6 39. Qd2 Kg7 40. Qc3+ Kh6 41. Qc1 Kg7 42. Qf1 Qe6 43. Qa1+ Kh6 44. Qc1 Kg7 45. Qc3+ Kh6 46. e5 Qa2 47. Qd2 Qa1+ 48. Nd1+ Kg7 49. h4 Qxa4 50. Rd7 Qg4 51. Rxf7+ Kxf7 52. Qf4+ Qxf4 53. gxf4 Nd3 54. Kh2 Nxf4 55. Kg3 Ne2+ 56. Kxf3 Nd4+ 57. Ke4 Nxb5 58. Ne3 a5 59. Kd5 a4 60. Kc4 Na7 61. Kd5 a3 62. Nc2 a2 63. Kc4 0-1

[Event "EIBCC 2019"]
[Site "Tallinn"]
[Date "2019.12.07"]
[Round "6.34"]
[White "Nazarova, Anastasia"]
[Black "Yuffa, Daniil"]
[Result "1-0"]
[WhiteElo "2049"]
[BlackElo "2582"]
[Annotator "ChessBase"]
[PlyCount "86"]
[EventDate "2019.12.06"]
[EventType "swiss"]
[EventCountry "EST"]
[SourceTitle "playchess.com"]
[Source "ChessBase"]
[SourceQuality "1"]

1. e4 c5 2. Nf3 Nc6 3. d4 cxd4 4. Nxd4 Nf6 5. Nc3 d6 6. Bg5 e6 7. Qd2 a6 8. O-O-O Bd7 9. f3 Be7 10. h4 h6 11. Be3 h5 12. Kb1 Ne5 13. Bg5 Rc8 14. f4 Neg4 15. Bd3 b5 16. Rhf1 Qb6 17. Nce2 a5 18. Rde1 b4 19. Nf3 Ne3 20. Rg1 Nc4 21. Bxc4 Rxc4 22. Ned4 a4 23. e5 dxe5 24. fxe5 Nd5 25. Bxe7 Nxe7 26. g4 hxg4 27. Rxg4 b3 28. cxb3 axb3 29. axb3 Rc7 30. Rxg7 Rf8 31. h5 Ra7 32. h6 Qa6 33. h7 Qa2+ 34. Kc2 Rc7+ 35. Kd3 Ng6 36. Rg8 Qa6+ 37. Ke3 Qb6 38. Rc1 Rxc1 39. Qxc1 Qb8 40. Qc5 Qd8 41. Rxf8+ Nxf8 42. Qxf8+ Kxf8 43. h8=Q+ Ke7 1-0

[Event "EIBCC 2019"]
[Site "Tallinn"]
[Date "2019.12.07"]
[Round "6.35"]
[White "Sanal, Vahap"]
[Black "Buchicchio, Giampaolo"]
[Result "1-0"]
[WhiteElo "2563"]
[BlackElo "2201"]
[Annotator "ChessBase"]
[PlyCount "71"]
[EventDate "2019.12.06"]
[EventType "swiss"]
[EventCountry "EST"]
[SourceTitle "playchess.com"]
[Source "ChessBase"]
[SourceQuality "1"]

1. e4 c5 2. Nc3 Nc6 3. Bb5 g6 4. Bxc6 dxc6 5. f4 Bg7 6. Nf3 Nf6 7. O-O O-O 8. d3 c4 9. dxc4 Qb6+ 10. Kh1 Bg4 11. e5 Nh5 12. Qe1 Be6 13. b3 Bh6 14. Be3 Qa5 15. Nd4 Ng7 16. Nxe6 Nxe6 17. f5 Bxe3 18. Qxe3 Ng7 19. f6 exf6 20. exf6 Nf5 21. Qh3 Rfe8 22. Rf3 h5 23. Raf1 Nd4 24. Rf4 Nxc2 25. Ne4 Qe5 26. c5 Rad8 27. Qg3 Nd4 28. Qf2 Qxe4 29. Rxe4 Rxe4 30. Qd2 Rde8 31. h3 Kh7 32. Rf4 Re1+ 33. Kh2 Nf5 34. Rxf5 gxf5 35. Qg5 Rg8 36. Qxh5# 1-0

[Event "EIBCC 2019"]
[Site "Tallinn"]
[Date "2019.12.07"]
[Round "6.36"]
[White "Lintchevski, Daniil"]
[Black "Babanin, Gleb"]
[Result "1/2-1/2"]
[WhiteElo "2553"]
[BlackElo "2201"]
[Annotator "ChessBase"]
[PlyCount "107"]
[EventDate "2019.12.06"]
[EventType "swiss"]
[EventCountry "EST"]
[SourceTitle "playchess.com"]
[Source "ChessBase"]
[SourceQuality "1"]

1. e4 e5 2. Nf3 Nc6 3. Nc3 Nf6 4. a3 Be7 5. d4 exd4 6. Nxd4 O-O 7. Be2 d5 8. Nxc6 bxc6 9. exd5 cxd5 10. O-O Bb7 11. Bf3 Qd7 12. Bg5 Rad8 13. Re1 c5 14. Qd3 h6 15. Bf4 d4 16. Ne4 Nxe4 17. Bxe4 Bxe4 18. Rxe4 Bd6 19. Bxd6 Qxd6 20. Rae1 Rd7 21. b3 g6 22. g3 Kg7 23. Re5 Rc8 24. a4 c4 25. bxc4 Qc6 26. c5 Qxa4 27. Re7 Rxc5 28. Qf3 Rf5 29. Qd3 Rxe7 30. Rxe7 Qb4 31. Re4 Rd5 32. Kf1 a5 33. Qb3 Qxb3 34. cxb3 Rb5 35. Rxd4 Rxb3 36. Ra4 Rb5 37. h4 Kf6 38. Rc4 Ke6 39. Rc7 a4 40. Ra7 Rb4 41. Ke2 h5 42. Kd3 f6 43. Ra6+ Kf5 44. Ke2 g5 45. hxg5 fxg5 46. Kf3 Rb3+ 47. Kg2 a3 48. Ra5+ Kf6 49. Ra6+ Ke7 50. Ra5 Kf6 51. Ra6+ Kf5 52. Ra5+ Kf6 53. Ra6+ Kf7 54. Ra5 1/2-1/2

[Event "EIBCC 2019"]
[Site "Tallinn"]
[Date "2019.12.07"]
[Round "7.1"]
[White "Ruck, Robert"]
[Black "Morozevich, Alexander"]
[Result "1/2-1/2"]
[WhiteElo "2541"]
[BlackElo "2712"]
[Annotator "RC"]
[PlyCount "73"]
[EventDate "2019.12.06"]
[EventType "swiss"]
[EventCountry "EST"]
[SourceTitle "playchess.com"]
[Source "ChessBase"]
[SourceQuality "1"]

1. Nf3 d5 2. d4 Bf5 3. c4 e6 4. Qb3 Nc6 5. Bd2 Rb8 6. e3 Nf6 7. Be2 dxc4 8. Qxc4 Bd6 9. O-O O-O 10. Bc3 b5 11. Qb3 b4 12. Be1 e5 13. dxe5 Nxe5 14. Nxe5 Bxe5 15. Nd2 c5 16. Nc4 Bc7 17. Rd1 Qe7 18. f3 Be6 19. Bf2 Nd5 20. Qc2 Rfd8 21. Rd2 h5 22. Rfd1 Qf6 23. Bf1 h4 24. e4 Nf4 25. Rxd8+ Rxd8 26. Rxd8+ Qxd8 27. Bxc5 a5 28. Be3 Qg5 29. Qd2 Bxc4 30. Bxc4 g6 31. Bf1 Be5 32. b3 Kg7 33. Kh1 Qf6 34. Qf2 Nh5 35. Qd2 Nf4 36. Qf2 Nh5 37. Qd2 1/2-1/2

[Event "EIBCC 2019"]
[Site "Tallinn"]
[Date "2019.12.07"]
[Round "7.2"]
[White "Mamedov, Rauf"]
[Black "Turov, Maxim"]
[Result "1-0"]
[WhiteElo "2670"]
[BlackElo "2535"]
[Annotator "ChessBase"]
[PlyCount "133"]
[EventDate "2019.12.06"]
[EventType "swiss"]
[EventCountry "EST"]
[SourceTitle "playchess.com"]
[Source "ChessBase"]
[SourceQuality "1"]

1. e4 c6 2. Nc3 d5 3. Nf3 dxe4 4. Nxe4 Nf6 5. Qe2 Bg4 6. h3 Bxf3 7. Nxf6+ gxf6 8. Qxf3 Qd5 9. Qb3 Qxb3 10. axb3 e6 11. d4 Nd7 12. g3 Nb6 13. Bg2 Nd5 14. c3 a6 15. b4 O-O-O 16. h4 Be7 17. Bd2 Rhg8 18. Bf3 f5 19. Bh5 Kd7 20. Bxf7 Rg7 21. Bh5 f4 22. g4 h6 23. O-O-O Bd6 24. g5 hxg5 25. hxg5 Rxg5 26. Bf3 Rdg8 27. Rde1 e5 28. Rh7+ Kc8 29. dxe5 Bxe5 30. Kc2 Bd6 31. Re6 R5g6 32. Rxg6 Rxg6 33. Rf7 Rh6 34. Bxd5 cxd5 35. Bxf4 Bxf4 36. Rxf4 Kc7 37. Rf8 Rh1 38. f4 Rh2+ 39. Kb3 Rh3 40. Ka4 Rh2 41. Kb3 Rh3 42. f5 d4 43. Kc2 d3+ 44. Kd2 Rf3 45. f6 Kb6 46. f7 Kc7 47. c4 Kb6 48. c5+ Kb5 49. c6 Kb6 50. b3 Kc7 51. Kc3 Kb6 52. Kd2 Kc7 53. Ke1 Kb6 54. Kd1 Kc7 55. Kd2 Kb6 56. Rb8 Rxf7 57. Rxb7+ Rxb7 58. cxb7 Kxb7 59. Kxd3 Kb6 60. Kd4 Kb5 61. Kc3 Kb6 62. Kb2 Kc6 63. Ka2 Kb6 64. Kb2 a5 65. Kc3 Kb5 66. bxa5 Kxa5 67. Kc4 1-0